000
00215 a2200097 4500
001
17606
100
_a
Mises R V
245
_a
Advances in applied mechanics
260
_a
_b
Academic Press
_c
090
_c
12997
_d
12997
942
_a
NUST-CAE
_c
M
_c
3332
999
_c
252679
_d
252679